| 000 | 00582nam a2200217Ia 4500 | ||
|---|---|---|---|
| 008 | 160819s9999 xx 000 0 und d | ||
| 020 | _a978-1-85626-542-3 | ||
| 050 | _aCUL RM 237.86 | ||
| 050 | _b.A45 2004 | ||
| 100 | _aAllen, Darina. | ||
| 245 | _aHealthy gluten-free eating / | ||
| 245 | _cDarina Allen; photography by Will Heap. | ||
| 260 | _aLondon : | ||
| 260 | _bKyle Cathie Limited, | ||
| 260 | _c2004 | ||
| 300 | _a160 pages : | ||
| 300 | _bcolor illustrations ; | ||
| 300 | _c22 cm. | ||
| 500 | _aIncludes index. | ||
| 650 | _aGluten-free diet -- Recipes. | ||
| 999 |
_c300674 _d300674 |
||